Obras en prosa (notice nᵒ 1314)
[ vue normale ]
| 000 -Sello discográfico | |
|---|---|
| campo de control de longitud fija | 01004nam a2200301 4500 |
| 005 - Identificación de versión | |
| campo de control | 20251016082717.0 |
| 010 ## - Número Estándar Internacional de Libros (ISBN) | |
| Número (ISBN) | 968-837-505-5 |
| 035 ## - Otros números de control del sistema | |
| Número de control del sistema | 18962 |
| 099 ## - fechas locales | |
| Tipo de ítem Koha | LIBRO |
| 100 ## - Datos de procesamiento general | |
| Datos de procesamiento general | 19961205d1988 m y1spay5003 ba |
| 105 ## - Campo de datos codificados: Material textual, monográfico | |
| Datos codificados de monografía | y 001zy |
| 200 1# - Título y mención de responsabilidad | |
| Título propio | Obras en prosa |
| Designación general del material | texto impreso |
| Primer mención de responsabilidad | Bernardo Ortíz de Montellano |
| Declaración de responsabilidad subsiguiente | compilación María de Lourdes Franco Bagnouls |
| 205 ## - Declaración de edición | |
| Declaración de edición | 1a ed |
| 210 ## - Publicación, distribución, etc. | |
| Lugar de publicación, distribución, etc. | México |
| Nombre del editor, distribuidor, etc. | Universidad Nacional Autónoma de México, Instituto de Investigaciones Filológicas |
| Fecha de publicación, distribución, etc. | 1988 |
| 215 ## - Descripción física | |
| Designación de material específico y extensión del ítem | 575 p |
| Dimensiones | 23 cm |
| 345 ## - Nota de información de adquisición | |
| Fuente de adquisición/dirección de la suscripción [OBSOLETO] | Donación de la UNAM |
| 410 #1 - Series | |
| Título | Nueva Biblioteca Mexicana |
| Número de volumen | 98 |
| 660 ## - Código de área geográfica | |
| Código | MX |
| 700 ## - Nombre personal - Responsabilidad primaria | |
| Elemento de entrada | Ortiz de Montellano |
| Parte del nombre distinta del elemento de entrada | Bernardo |
| Fechas | 1899-1949 |
| Número Koha | 3425 |
| 702 ## - Nombre personal - Responsabilidad secundaria | |
| Elemento de entrada | Franco Bagnouls |
| Parte del nombre distinta del elemento de entrada | María de Lourdes |
| Fechas | 1950- |
| Número Koha | 2886 |
| 801 #0 - Fuente de origen | |
| Agencia | cm |
| 900 ## - | |
| -- | 1/13380 |
| 900 ## - | |
| -- | 710962876\\051296 |
| 942 ## - ELEMENTOS DE ENTRADA SECUNDARIOS (KOHA) | |
| Tipo de ítem Koha | Livre |
| 996 ## - | |
| -- | MEX |
| -- | 751145101 |
| -- | MMAG |
| -- | 006865 |
| -- | 868.4 OR772OB |
| -- | 20220930LIV |
| Estatus retirado | Estado de daño | Estado de pérdida | Fecha de adquisición | Biblioteca de origen | Biblioteca actual | Ubicación en estantería | Código de barras | Precio de reemplazo | Signatura topográfica completa | No para préstamo | Tipo de ítem Koha | Nota pública | Nota no pública |
|---|---|---|---|---|---|---|---|---|---|---|---|---|---|
| 05/08/2025 | Casa México Paris | Casa México Paris | 006865 | 05/08/2025 | 868.4 OR772OB | Livre | 20220930LIV | 751145101 |